Výsledky plnenia záverov 15. zjazdu KSČ a okresnej konferencie KSS v roku 1978 podkladový materiál : Zvolen, 21.-22. februára 1981

Bibliographic Details
Format: Book
Language:Slovak
PhysicalDescription:74 s. sch., tab. 29 cm
Published: Zvolen Okresný výbor KSS 1981
Edition:1. vyd.
Subjects:

MARC

LEADER 00000cam a2200000 a 4500
001 vtls001103037
003 SK-MaSNL
005 20260301062521.0
008 250313s1981 xo a g 0 0 0 slo
015 |a SNBA1981/10 
035 |a SNK000045879 
035 |a urn:nbn:sk:snk-amk08q 
035 |a urn:nbn:sk:snk-am0087ug 
035 |a 5D98D3B7-5E8B-45D7-9898-264E2188B650 
040 |a SNK  |b slo  |c SNK  |e AACR2 
041 0 |a slo 
043 |a e-xo--- 
044 |a xo  |c SK 
080 |a 329.15(437.656)KSČ(060.55)  |2 1981 
245 0 0 |a Výsledky plnenia záverov 15. zjazdu KSČ a okresnej konferencie KSS v roku 1978  |b podkladový materiál : Zvolen, 21.-22. februára 1981 
250 |a 1. vyd. 
260 |a Zvolen  |b Okresný výbor KSS  |c 1981 
300 |a 74 s.  |b sch., tab.  |c 29 cm 
521 |a Len pre vnútrostranícku potrebu 
610 2 7 |a Komunistická strana Slovenska  |2 SNKKA  |9 30182 
648 7 |a 1978-1980  |2 SNKPH  |9 285358 
651 7 |a Zvolen (Slovensko : okres)  |2 SNKPH  |9 123387 
655 7 |a brožúry  |2 SNKPH  |9 70146 
852 |a Slovenská národná knižnica 
958 |a OND 
958 |a RM 
999 |c 620952  |d 622882 
952 |a SNK  |b SNK  |y PREZ  |7 0  |p 17A1000952  |o snkSB 31575  |i snkKSP 2695/81  |0 0  |1 0  |4 0  |d 2014-11-07  |f 1  |l 0  |r 2025-04-07 00:00:00  |w 2026-02-23 
952 |a SNK  |b SNK  |y PREZ  |7 0  |o snkSB 31575 D1  |i snkKSP 2696/81  |0 0  |1 0  |4 0  |d 2014-11-07  |l 0  |r 2026-02-23 16:54:57  |w 2026-02-23